| 000 | 00946nam a2200265 i 4500 | ||
|---|---|---|---|
| 001 | 175445 | ||
| 003 | ES-MaACL | ||
| 005 | 20251218174611.0 | ||
| 007 | t| | ||
| 008 | 101028s1978 sp f r ||||1| spa d | ||
| 020 | _a84-369-0646-2 | ||
| 080 | _a75 Navarro Ramón, Juan | ||
| 080 | _a929 Navarro Ramón, Juan | ||
| 100 | 1 |
_aRodon, Francesc. _9143764 |
|
| 245 | 1 | 0 |
_aNavarro Ramón / _cFrancesc Rodon. |
| 260 |
_a[Madrid] : _bServicio de Publicaciones del Ministerio de Educación y Ciencia, _cD. L. 1978. |
||
| 300 |
_a99, [16] p. de lám. col. y n. ; _c17 cm. |
||
| 490 | 1 |
_aArtistas españoles contemporáneos. Pintores ; _v156 |
|
| 504 | _aBibliografía: p. 89-91. | ||
| 600 | 1 | 4 |
_aNavarro Ramón, Juan. _985163 |
| 710 | 1 |
_aEspaña. _bMinisterio de Educación y Ciencia. _93864 |
|
| 830 | 0 |
_aArtistas españoles contemporáneos. Pintores _v156 _9189664 |
|
| 852 |
_aES-MaACL _j2261-F-100 _xOlim P-1916 |
||
| 999 |
_c175445 _d175445 |
||